| 000 -LEADER |
| fixed length control field |
03621cam a2200649 i 4500 |
| 001 - CONTROL NUMBER |
| control field |
20884706 |
| 003 - CONTROL NUMBER IDENTIFIER |
| control field |
OSt |
| 005 - DATE AND TIME OF LATEST TRANSACTION |
| control field |
20210531153426.0 |
| 008 - FIXED-LENGTH DATA ELEMENTS--GENERAL INFORMATION |
| fixed length control field |
190311s2019 nyuab j 001 0beng d |
| 010 ## - LIBRARY OF CONGRESS CONTROL NUMBER |
| LC control number |
2018289630 |
| 020 ## - INTERNATIONAL STANDARD BOOK NUMBER |
| International Standard Book Number |
9781465475435 |
| Qualifying information |
(paperback) |
| 020 ## - INTERNATIONAL STANDARD BOOK NUMBER |
| International Standard Book Number |
1465475435 |
| Qualifying information |
(paperback) |
| 035 ## - SYSTEM CONTROL NUMBER |
| System control number |
(OCoLC)on1031673339 |
| 040 ## - CATALOGING SOURCE |
| Original cataloging agency |
YDX |
| Language of cataloging |
eng |
| Transcribing agency |
YDX |
| Description conventions |
rda |
| Modifying agency |
BDX |
| -- |
OCLCQ |
| -- |
NFR |
| -- |
TOH |
| -- |
MZC |
| -- |
JQW |
| -- |
JPL |
| -- |
IGA |
| -- |
NYP |
| -- |
PFLCL |
| -- |
CGP |
| -- |
LPL |
| -- |
IUK |
| -- |
A2A |
| -- |
OCLCO |
| -- |
SSH |
| -- |
OCLCF |
| -- |
JO8 |
| -- |
ANK |
| -- |
OCLCO |
| -- |
TXLBH |
| -- |
WSD |
| -- |
OCLCO |
| -- |
JQJ |
| -- |
JQH |
| -- |
YVR |
| -- |
OCLCO |
| -- |
GFO |
| -- |
DLC |
| -- |
KH8 |
| 042 ## - AUTHENTICATION CODE |
| Authentication code |
lccopycat |
| 043 ## - GEOGRAPHIC AREA CODE |
| Geographic area code |
e-ne--- |
| 082 04 - DEWEY DECIMAL CLASSIFICATION NUMBER |
| Classification number |
940.53 KRE |
| Edition number |
23 |
| 100 1# - MAIN ENTRY--PERSONAL NAME |
| Personal name |
Krensky, Stephen, |
| Relator term |
author. |
| 245 10 - TITLE STATEMENT |
| Title |
Anne Frank / |
| Statement of responsibility, etc. |
by Stephen Krensky ; illustrated by Charlotte Ager. |
| 250 ## - EDITION STATEMENT |
| Edition statement |
First American edition. |
| 264 #1 - PRODUCTION, PUBLICATION, DISTRIBUTION, MANUFACTURE, AND COPYRIGHT NOTICE |
| Place of production, publication, distribution, manufacture |
New York, New York : |
| Name of producer, publisher, distributor, manufacturer |
DK Publishing, |
| Date of production, publication, distribution, manufacture, or copyright notice |
2019. |
| 300 ## - PHYSICAL DESCRIPTION |
| Extent |
128 pages : |
| Other physical details |
illustrations (some color), maps ; |
| Dimensions |
20 cm. |
| 336 ## - CONTENT TYPE |
| Content type term |
text |
| Content type code |
txt |
| Source |
rdacontent |
| 336 ## - CONTENT TYPE |
| Content type term |
still image |
| Content type code |
sti |
| Source |
rdacontent |
| 337 ## - MEDIA TYPE |
| Media type term |
unmediated |
| Media type code |
n |
| Source |
rdamedia |
| 338 ## - CARRIER TYPE |
| Carrier type term |
volume |
| Carrier type code |
nc |
| Source |
rdacarrier |
| 490 1# - SERIES STATEMENT |
| Series statement |
DK life stories |
| 500 ## - GENERAL NOTE |
| General note |
Includes index. |
| 505 0# - FORMATTED CONTENTS NOTE |
| Formatted contents note |
A noisy arrival -- Trouble ahead -- Welcome to Amsterdam -- The clouds darken -- Changing times -- New worries -- Disappearing act -- Hidden life -- Complications -- Keeping hope alive -- Time runs out -- The legacy lives. |
| 520 ## - SUMMARY, ETC. |
| Summary, etc. |
"Anne Frank's diary is read by children and adults worldwide. It tells two stories: one of an extraordinary young girl living in hiding during one of the most fearsome times in history, and one of a relatable young girl facing the same questions and troubles that kids come up against today. Learn how both sides of this puzzle made up the person who is Anne Frank. In this biography for kids ages 8-12, meet Anne's family and friends, explore "The Annex" where they hid, and see her story put in historical context alongside information about World War II and the Holocaust, and Hitler and Nazi Germany"--Provided by publisher. |
| 600 10 - SUBJECT ADDED ENTRY--PERSONAL NAME |
| Personal name |
Frank, Anne, |
| Dates associated with a name |
1929-1945 |
| Form subdivision |
Juvenile literature. |
| 600 11 - SUBJECT ADDED ENTRY--PERSONAL NAME |
| Personal name |
Frank, Anne, |
| Dates associated with a name |
1929-1945. |
| 600 14 - SUBJECT ADDED ENTRY--PERSONAL NAME |
| Personal name |
Frank, Anne, |
| Dates associated with a name |
1929-1945 |
| General subdivision |
Juvenile literature. |
| 600 17 - SUBJECT ADDED ENTRY--PERSONAL NAME |
| Personal name |
Frank, Anne, |
| Dates associated with a name |
1929-1945. |
| Source of heading or term |
fast |
| Authority record control number or standard number |
(OCoLC)fst00044981 |
| 611 27 - SUBJECT ADDED ENTRY--MEETING NAME |
| Meeting name or jurisdiction name as entry element |
German Occupation of Netherlands (1940-1945) |
| Source of heading or term |
fast |
| Authority record control number or standard number |
(OCoLC)fst01353182 |
| 611 07 - SUBJECT ADDED ENTRY--MEETING NAME |
| Meeting name or jurisdiction name as entry element |
Holocaust, Jewish (1939-1945) |
| Source of heading or term |
fast |
| Authority record control number or standard number |
(OCoLC)fst00958866 |
| 648 #7 - SUBJECT ADDED ENTRY--CHRONOLOGICAL TERM |
| Chronological term |
1939-1945 |
| Source of heading or term |
fast |
| 650 #0 - SUBJECT ADDED ENTRY--TOPICAL TERM |
| Topical term or geographic name entry element |
Jewish children in the Holocaust |
| Geographic subdivision |
Netherlands |
| -- |
Amsterdam |
| Form subdivision |
Biography |
| -- |
Juvenile literature. |
| 650 #0 - SUBJECT ADDED ENTRY--TOPICAL TERM |
| Topical term or geographic name entry element |
Holocaust, Jewish (1939-1945) |
| Geographic subdivision |
Netherlands |
| -- |
Amsterdam |
| Form subdivision |
Juvenile literature. |
| 650 #1 - SUBJECT ADDED ENTRY--TOPICAL TERM |
| Topical term or geographic name entry element |
Jewish children in the Holocaust |
| Geographic subdivision |
Netherlands |
| -- |
Amsterdam |
| Form subdivision |
Biography. |
| 650 #7 - SUBJECT ADDED ENTRY--TOPICAL TERM |
| Topical term or geographic name entry element |
JUVENILE NONFICTION / Biography & Autobiography / Historical. |
| Source of heading or term |
bisacsh |
| 650 #7 - SUBJECT ADDED ENTRY--TOPICAL TERM |
| Topical term or geographic name entry element |
JUVENILE NONFICTION / Biography & Autobiography / Women. |
| Source of heading or term |
bisacsh |
| 650 #7 - SUBJECT ADDED ENTRY--TOPICAL TERM |
| Topical term or geographic name entry element |
Jewish children in the Holocaust. |
| Source of heading or term |
fast |
| Authority record control number or standard number |
(OCoLC)fst00982706 |
| 651 #0 - SUBJECT ADDED ENTRY--GEOGRAPHIC NAME |
| Geographic name |
Netherlands |
| General subdivision |
History |
| Chronological subdivision |
German occupation, 1940-1945 |
| Form subdivision |
Juvenile literature. |
| 651 #7 - SUBJECT ADDED ENTRY--GEOGRAPHIC NAME |
| Geographic name |
Netherlands. |
| Source of heading or term |
fast |
| Authority record control number or standard number |
(OCoLC)fst01204034 |
| 651 #7 - SUBJECT ADDED ENTRY--GEOGRAPHIC NAME |
| Geographic name |
Netherlands |
| Geographic subdivision |
Amsterdam. |
| Source of heading or term |
fast |
| Authority record control number or standard number |
(OCoLC)fst01204180 |
| 655 #4 - INDEX TERM--GENRE/FORM |
| Genre/form data or focus term |
Biographies. |
| 655 #7 - INDEX TERM--GENRE/FORM |
| Genre/form data or focus term |
Biography. |
| Source of term |
fast |
| Authority record control number or standard number |
(OCoLC)fst01423686 |
| 655 #7 - INDEX TERM--GENRE/FORM |
| Genre/form data or focus term |
History. |
| Source of term |
fast |
| Authority record control number or standard number |
(OCoLC)fst01411628 |
| 655 #7 - INDEX TERM--GENRE/FORM |
| Genre/form data or focus term |
Illustrated works. |
| Source of term |
fast |
| Authority record control number or standard number |
(OCoLC)fst01423873 |
| 655 #7 - INDEX TERM--GENRE/FORM |
| Genre/form data or focus term |
Juvenile works. |
| Source of term |
fast |
| Authority record control number or standard number |
(OCoLC)fst01411637 |
| 655 #7 - INDEX TERM--GENRE/FORM |
| Genre/form data or focus term |
Biographies. |
| Source of term |
lcgft |
| 700 1# - ADDED ENTRY--PERSONAL NAME |
| Personal name |
Ager, Charlotte, |
| Relator term |
illustrator. |
| 830 #0 - SERIES ADDED ENTRY--UNIFORM TITLE |
| Uniform title |
DK life stories. |
| 906 ## - LOCAL DATA ELEMENT F, LDF (RLIN) |
| a |
7 |
| b |
cbc |
| c |
copycat |
| d |
2 |
| e |
ncip |
| f |
20 |
| g |
y-gencatlg |
| 942 ## - ADDED ENTRY ELEMENTS (KOHA) |
| Source of classification or shelving scheme |
|
| Koha item type |
Books - Non Ficton |